I'm A Celebrity Get Me Out Of Here UK - Winners - Statistics

General Stats
  • This quiz has been taken 378 times
    297 since last reset
  • The average score is 8 of 17
Answer Stats
Hint Answer % Correct
2008 Joe Swash
65%
2010 Stacey Solomon
65%
2015 Vicky Pattison
64%
2017 Georgia Toffolo
59%
2002 Tony Blackburn
59%
2014 Carl Fogarty
51%
2012 Charlie Brooks
46%
2011 Dougie Poynter
46%
2013 Kian Egan
45%
2009 Gino D'Acampo
44%
2003 Phil Tufnell
44%
2004 Kerry Katona
42%
2007 Christopher Biggins
40%
2016 Scarlett Moffatt
36%
2005 Carol Thatcher
33%
2004 Joe Pasquale
33%
2006 Matt Willis
30%
No matching quizzes found
Score Distribution
Percent of People with Each Score
Percentile by Number Answered
Your Score History
You have not taken this quiz since the last reset